header

The coatings in manufacturing engineering (Record no. 195836)

MARC details
000 -LEADER
fixed length control field 01543nam a2200313 a 4500
245 14 - TITLE STATEMENT
Title The coatings in manufacturing engineering
260 ## - PUBLICATION, DISTRIBUTION, ETC. (IMPRINT)
Place of publication Stafa-Zurich, Switzerland :
Name of publisher Trans Tech Publications Ltd.,
Year of publication 2010.
300 ## - PHYSICAL DESCRIPTION
Number of Pages a-b, 222 p. :
Other physical details ill., col. port.
650 #0 - SUBJECT ADDED ENTRY--TOPICAL TERM
Topical Term Coatings
Topical Term Production engineering
700 1# - ADDED ENTRY--PERSONAL NAME
Personal name Bach, F. W.
856 40 - ELECTRONIC LOCATION AND ACCESS
Uniform Resource Identifier http://site.ebrary.com/lib/rucke/Doc?id=10604243

No items available.

© 2026 Rongo University
Contact us: librarian | system librarian | Rongo university